On Canadian fresh-water Polyzoa.
Saved in:
| Main Author: | |
|---|---|
| Format: | Book Chapter |
| Language: | English |
| Published: |
[Montreal],
1883.
|
| Tags: |
Add Tag
No Tags, Be the first to tag this record!
|
| LEADER | 00446naa a2200169K 4500 | ||
|---|---|---|---|
| 001 | 005378024-8 | ||
| 005 | 20020606163548.3 | ||
| 008 | 950306s1883 quc 000 0 eng d | ||
| 035 | 0 | |a ocm37767007 | |
| 040 | |a HMZ |c HMZ | ||
| 100 | 1 | |a Osler, William, |c Sir, |d 1849-1919. | |
| 245 | 1 | 0 | |a On Canadian fresh-water Polyzoa. |
| 260 | |a [Montreal], |c 1883. | ||
| 300 | |a pp. 8. |c 8vo | ||
| 773 | 0 | |t Canadian nat. |g 1883. N.S. 10. 399-406. | |
| 988 | |a 20020608 | ||
| 906 | |0 MH | ||


